Flags of Oceania - Inverted - Statistics

General Stats
  • This quiz has been taken 30 times
  • The average score is 13 of 14
Answer Stats
Picture Answer % Correct
Australia
100%
Fiji
100%
New Zealand
100%
F.S. Micronesia
96%
Papua New Guinea
96%
Kiribati
93%
Palau
93%
Tonga
93%
Tuvalu
93%
Vanuatu
93%
Marshall Islands
89%
Samoa
89%
Nauru
86%
Solomon Islands
86%
No matching quizzes found
Score Distribution
Percent of People with Each Score
Percentile by Number Answered
Your Score History
You have not taken this quiz